| 000 -GUIDE |
| Champ de contrôle de longueur fixe |
00890nam a22002537a 4500 |
| 003 - IDENTITÉ DU NUMÉRO DE CONTRÔLE |
| Champ de contrôle |
BI-BuBU |
| 008 - ÉLÉMENTS DE LONGUEUR FIXE - RENSEIGNEMENTS GÉNÉRAUX |
| Champ de contrôle de longueur fixe |
251105b1920 en aaaafr|||| 001 0 eng d |
| 020 ## - INTERNATIONAL STANDARD BOOK NUMBER |
| ISBN |
9780632029280 |
| 037 ## - SOURCE D'ACQUISITION |
| Source d'acquisition et du numéro d'inventaire |
Don |
| 039 ## - NIVEAU DE CONTRÔLE BIBLIOGRAPHIQUE ET HISTORIQUE D'ENCODAGE [OBSOLETE] |
| Date creation |
20251105075526.0 |
| Nom catalographe |
Thacien Mutabazi |
| 040 ## - SOURCE DU CATALOGAGE |
| Organisme qui a effectué le catalogage original |
BI-BuBU |
| Code de la langue utilisée dans le catalogage |
eng |
| Organisme qui a effectué la transcription |
BI-BuBU |
| Organisme qui a effectué la modification |
BI-BuBU |
| 041 0# - CODE DE LANGUE |
| Code de langue du texte/de la piste sonore ou du titre distinct |
eng |
| 080 ## - INDICE DE LA CLASSIFICATION DÉCIMALE UNIVERSELLE (CDU) |
| Indice de la Classification décimale universelle |
615.777. |
| 100 1# - VEDETTE PRINCIPALE - NOM DE PERSONNE |
| Code de relation |
aut. |
| Nom de personne |
Denyer, Serial Paul |
| 245 10 - MENTION DU TITRE |
| Titre |
Mechanisms of action of chemical biocides |
| Reste du titre |
their study and exploitation |
| Mention de responsabilité, etc. |
Serial Paul Denyer, William Barry Hugo |
| 260 ## - PUBLICATION, DIFFUSION, ETC. (ADRESSE BIBLIOGRAPHIQUE) |
| Lieu de publication, diffusion, etc. |
London |
| Nom de l'éditeur, diffuseur, etc. |
Oxford blackwell scientific publications |
| Date of publication, distribution, etc |
1920 |
| 300 ## - DESCRIPTION MATÉRIELLE |
| Collation |
XIV-346 p. |
| Autres caractéristiques matérielles |
couv. ill. |
| Dimensions |
24 cm. |
| 440 ## - MENTION DE COLLECTION / VEDETTE SECONDAIRE DE TITRE |
| Titre |
Society for applied bacteriology. Technical series |
| Numéro de la partie ou section du document |
27 |
| 504 ## - NOTE DE BIBLIOGRAPHIE ET INDEX. |
| Note de bibliographie et index. |
Bibliogr. Index |
| 650 #7 - VEDETTE-MATIÈRE - NOM COMMUN |
| Source du terme |
BI-BuBU |
| Vedette de sujet ou vedette comportant un nom géographique |
Biocide chimique |
| Subdivision générale |
Mechanisme |
| -- |
Action |
| 650 #7 - VEDETTE-MATIÈRE - NOM COMMUN |
| Source du terme |
BI-BuBU |
| Vedette de sujet ou vedette comportant un nom géographique |
Désinfectant |
| Subdivision générale |
Mechanisme |
| -- |
Action |
| 655 #7 - TERME D'INDEXATION - GENRE OU FORME |
| Source du terme |
BI-BuBU |
| Données ou terme dominant sur le genre ou la forme |
Book |
| 942 ## - ÉLÉMENTS D'ENTRÉE ADDITIONNELLE (KOHA) |
| Source de la classification ou du système de rangement |
|
| Type d item koha |
BOOK |